000
00348nam a2200133Ia 4500
008
151001s9999||||xx |||||||||||||| ||und||
100
_a
यु म पठाण
245
_a
नंदादीप
250
_a
1
260
_b
योगिता प्रकाशन पुणे
260
_c
2000
300
_a
143
365
_b
21
999
_c
977229
_d
977226